00737naa#a2200181#i#4500001001600000005001700016011001400033100004100047102000700088200020400095210011000299215001000409608002700419675006700446700000600513700000600519856003000525EN\\bibl\12145820260429051238.3##a1994-4683##a20230531b2023####ek#y0engy0150####ca##aRU1#aANALYSIS OF RELATIONSHIPS BETWEEN THE PERFORMANCE INDICATORS OF TACTICAL ACTIONS IN RAPID ATTACK AND THE LEVEL OF DEVELOPMENT OF SPECIALIZED PERCEPTIONS OF QUALIFIED HANDBALL PLAYERSeJournal article1#aMoscowcNational State University of Physical Education, Sports and Health named after P.F. Lesgaftd2023##a3 с.##aJournal article2local##aГандбол на большой площадке. 796.322.2#1g #1g 4#auchzapiski.lesgaft.spb.ru